| 000 | 01104njm a2200265 i 4500 | ||
|---|---|---|---|
| 001 | 4830 | ||
| 003 | ES-MaACL | ||
| 007 | s|r||||||||||| | ||
| 008 | 070817s1976 sp ||| g ||||||||1|nspa d | ||
| 100 | 1 |
_aMattei, Olga Elena. _979112 |
|
| 245 | 1 | 3 |
_aLa poesía de Colombia busca a España [ _hGrabación sonora] / _cinterviene Olga Elena Mattei. |
| 260 |
_aMadrid : _bAteneo de Madrid, _c1976. |
||
| 300 |
_a2 discos (CD-DA) (1 h. 22 min. 34 seg.) ; _c12 cm. |
||
| 490 | 1 | _aLecturas poéticas | |
| 500 | _aDatos basados en la invitación. | ||
| 518 | _aActo organizado por el Aula de Poesía del Ateneo de Madrid, grabado en el salón de actos el viernes 5 de noviembre de 1976, a las 19:30 h. | ||
| 610 | 2 | 4 |
_aAteneo de Madrid- _xActos culturales- _y1976- _vGrabaciones sonoras. _91886 |
| 650 | 1 | 4 |
_aPoesía colombiana. _916160 |
| 710 | 2 |
_aAteneo de Madrid. _bAula de Poesía. _91949 |
|
| 830 | 0 | 0 |
_aLecturas poéticas (Ateneo de Madrid) _9177095 |
| 852 |
_aES-MaACL _cROT _jROT 4/1/15 _94947 |
||
| 852 |
_aES-MaACL _cROT _jROT 4/1/16 _9203066 |
||
| 942 |
_2udc _cCDROM |
||
| 999 |
_c4830 _d4830 |
||